[Event "La Laguna U18"]
[Site "La Laguna"]
[Date "2011.05.14"]
[Round "1.2"]
[White "Rodriguez Lapetra, Pablo"]
[Black "Pozo Vinuesa, Pedro"]
[Result "1-0"]
[WhiteElo "2105"]
[BlackElo "1504"]
[PlyCount "73"]
[EventDate "2011.05.14"]
[EventType "swiss"]
[EventRounds "9"]
[EventCountry "ESP"]
[SourceTitle "EXT 2024"]
[Source "ChessBase"]
[SourceDate "2023.10.10"]
[SourceVersion "1"]
[SourceVersionDate "2023.10.10"]
[SourceQuality "1"]

1. e4 c6 2. c4 d5 3. exd5 cxd5 4. cxd5 Qxd5 5. Nc3 Qd8 6. d4 Nf6 7. Nf3 Bf5 8. Bc4 e6 9. 0-0 Bd6 10. Re1 0-0 11. Bg5 h6 12. Bh4 a6 13. d5 Qc7 14. dxe6 Bxh2+ 15. Nxh2 Qxc4 16. Bxf6 fxe6 17. Qd4 Qc7 18. Be5 Qf7 19. Bd6 Nc6 20. Qf4 Rfd8 21. Rad1 Rd7 22. Nf3 Rad8 23. Ne5 Nxe5 24. Qxe5 Qg6 25. Qg3 Qf7 26. Rd4 Qh5 27. Red1 Qf7 28. R1d2 b5 29. b4 g5 30. a4 bxa4 31. Nxa4 Rb7 32. Nc5 Rb6 33. Bc7 Rxd4 34. Rxd4 Rc6 35. Rd8+ Kh7 36. Rd7 Qxd7 37. Nxd7 1-0

[Event "Tenerife op 21st"]
[Site "Tenerife"]
[Date "2010.12.29"]
[Round "9"]
[White "Pozo Vinuesa, Ana"]
[Black "Pozo Vinuesa, Pedro"]
[Result "0-1"]
[WhiteElo "1432"]
[BlackElo "1456"]
[PlyCount "60"]
[EventDate "2010.12.16"]
[EventType "swiss"]
[EventRounds "9"]
[EventCountry "ESP"]
[SourceTitle "CBM 140 Extra"]
[Source "ChessBase"]
[SourceDate "2011.03.01"]
[SourceVersion "1"]
[SourceVersionDate "2011.03.01"]
[SourceQuality "1"]

1. e4 g6 2. d4 Bg7 3. Nf3 d6 4. Be2 c6 5. Be3 Nf6 6. Nc3 b5 7. a3 0-0 8. 0-0 Nbd7 9. Qd2 Bb7 10. Bh6 c5 11. Bxg7 Kxg7 12. e5 dxe5 13. dxe5 Ng4 14. Nxb5 Ndxe5 15. Qxd8 Rfxd8 16. Nxe5 Nxe5 17. Rad1 a6 18. Nc7 Rac8 19. Rxd8 Rxd8 20. Nxa6 Rd2 21. Bd3 Nxd3 22. cxd3 Bxa6 23. h3 Bxd3 24. Rc1 Rxb2 25. Rxc5 Ra2 26. Rc3 Ba6 27. h4 h5 28. g3 Bb7 29. Rc7 Ra1+ 30. Kh2 Rh1# 0-1